Indio bravo : (Record no. 102046)
[ view plain ]
| 000 -LEADER | |
|---|---|
| fixed length control field | 00580nam a2200157 a 4500 |
| 005 - DATE AND TIME OF LATEST TRANSACTION | |
| control field | 20140412111226.0 |
| 008 - FIXED-LENGTH DATA ELEMENTS--GENERAL INFORMATION | |
| fixed length control field | 020416s19uu xx 00 eng d |
| 020 ## - INTERNATIONAL STANDARD BOOK NUMBER | |
| International Standard Book Number | 971-630-066-2 |
| 050 ## - LIBRARY OF CONGRESS CALL NUMBER | |
| Classification number | M 959.9092 |
| Item number | R59B36 1997 |
| 100 ## - MAIN ENTRY--PERSONAL NAME | |
| Personal name | Bantug, Asuncion Lopez-Rizal |
| 245 ## - TITLE STATEMENT | |
| Title | Indio bravo : |
| Remainder of title | the story of Jose Rizal / |
| Statement of responsibility, etc | by Asuncion Lopex-Rizal Bantug with Sylvia Mendez Ventura; edited by Nick Joaquin; drawings by Bencab. |
| 260 ## - PUBLICATION, DISTRIBUTION, ETC. (IMPRINT) | |
| Place of publication, distribution, etc | Manila, Philippines : |
| Name of publisher, distributor, etc | Tahanan Books for Young Readers, |
| Date of publication, distribution, etc | 1997. |
| 300 ## - PHYSICAL DESCRIPTION | |
| Extent | 158 p. ; ill. |
| 650 ## - SUBJECT ADDED ENTRY--TOPICAL TERM | |
| Topical term or geographic name as entry element | Hero |
| General subdivision | Philippines |
| Withdrawn status | Lost status | Damaged status | Home library | Current library | Shelving location | Date acquired | Source of acquisition | Total Checkouts | Full call number | Barcode | Date last seen | Price effective from | Koha item type |
|---|---|---|---|---|---|---|---|---|---|---|---|---|---|
| Elizalde Library | Elizalde Library | Main Section | 04/16/2002 | M 959.9092 R59B36 1997 | E0355 | 04/12/2014 | 04/12/2014 | Books |